| 000 | 00442nam a2200181Ia 4500 | ||
|---|---|---|---|
| 001 | 13463 | ||
| 005 | 20260306164803.0 | ||
| 008 | 260306t2001||||xx |||||||||||||| ||spa|| | ||
| 041 | _aESP | ||
| 082 |
_a004.21 _bW18 |
||
| 100 |
_aWakerly, John F. _eAUT |
||
| 245 | 0 |
_aDiseño digital: _bprincipios y prácticas |
|
| 260 | _c2001 | ||
| 300 |
_axxvi, 946 páginas : _c23 cm. |
||
| 650 | _aGEN | ||
| 654 | _aCCC | ||
| 942 |
_cLIB _dJUS _fJUS _2ddc _n |
||
| 999 |
_c13463 _d13463 |
||